• 首页
  • 本馆介绍
  • 公告通知
  • 最新文献
  • 馆藏检索
  • 电子资源
  • 读者导购
  • 参考咨询
  • 我的图书馆
  • 登录
  • 详细信息显示
  • 放入我的书架
  • 预约/预借图书
  • 作者相关作品
  • 分类相关作品
  • 丛书相关作品
  • 出版社相关作品

书目信息

  • 表格格式
  • 工作单格式
  • 卡片格式
题名:
北方民族的历史接触与阿尔泰诸语言共同性的形成
    
 
作者: 孟达来
分册:  
出版信息: 北京   中国社会科学出版社  37196
页数: 203页
开本: 20cm
丛书名:
单 册:
中图分类: H5
科图分类:
主题词: 阿尔泰语系
电子资源:
ISBN: 7-5004-3193-7
000 00590nam0 2200181 450
001 0728815141
005 20070819080015.14
010    @a7-5004-3193-7@d¥14.00
100    @a20070819d km y0chiy0120 ea
101 0  @achi
200 1  @a北方民族的历史接触与阿尔泰诸语言共同性的形成@Abei fang min zu de li shi jie chu yu a er tai zhu yu yan gong tong xing de xing cheng@f孟达来@Fmeng da lai
210    @a北京@c中国社会科学出版社@d37196
215    @a203页@d20cm
606 0  @a阿尔泰语系
690    @aH5@v3
701  0 @a孟达来@Ameng da lai
801  0 @aCN@bPFT@c20070819
905    @a213230@dH5@eZW2@f1
    
    北方民族的历史接触与阿尔泰诸语言共同性的形成/孟达来.-北京:中国社会科学出版社,37196
    203页;20cm
    
    
    ISBN 7-5004-3193-7:¥14.00
    
●
相关链接 在E读中查询图书 在五车中查询图书 在当当中查询图书 在豆瓣中查询图书


正题名:北方民族的历史接触与阿尔泰诸语言共同性的形成     索取号:H5/ZW2         预约/预借

序号 登录号 条形码 馆藏地/架位号 状态 备注
1 7604405   276044059   中文系资料室/ [索取号:H5/ZW2] 在馆    
唐山师范学院图书馆 欢迎您!
大连网信软件有限公司© 版权所有